[Event "corr WM XVII, 3/4-final, group 2 "]
[Site "?"]
[Date "1998.06.23"]
[Round "?"]
[White "Herbrechtsmeier, Christof"]
[Black "Privara, Igor"]
[Result "1-0"]
[WhiteElo "2510"]
[BlackElo "2540"]
[Annotator "Rochade"]
[PlyCount "93"]
[EventDate "1996.??.??"]

1. e4 c5 2. Nf3 Nc6 3. d4 cxd4 4. Nxd4 Nf6 5. Nc3 e5 6. Ndb5 d6 7. Bg5 a6 8.
Na3 b5 9. Bxf6 gxf6 10. Nd5 f5 11. Bd3 Be6 12. O-O (12. Qh5 $5 Bg7 (12... Rg8)
13. O-O f4 14. c4) 12... Bxd5 13. exd5 Ne7 14. c3 Bg7 (14... Qd7 15. Qh5 Rg8
16. Rad1 Rg6 {nebst Lg7, Kf8}) 15. Qh5 Qd7 (15... e4 $5 16. Bc2 Qc8 $1 17. Rae1
O-O 18. Bb3 {Herbrechtsmeier 25.07.00: 'Rogozenko: 'White defends d5 and
prepares Nc2-e3. On the other hand the bishop belongs to b1-h7 diagonal, so 18.
Bb3 can hardly create serious problems.'' Rogozenko: 'White defends d5 and
prepares Nc2-e3. On the other hand the bishop belongs to b1-h7 diagonal, so 18.
Bb3 can hardly create serious problems.'} 18... a5 (18... Ng6 19. Nc2 (19. f4
exf3 20. Rxf3 f4 (20... Re8 21. Ref1 f4 22. Rh3 h6 23. Nc2) 21. Rh3 h6 22. Nc2
Re8 23. Re6 a5 24. a3 b4 25. a4 bxc3 26. bxc3 Rb8 27. Nd4 Qc5 28. Rxg6 $2 fxg6
29. Qxg6 Re1+ 30. Kf2 Rbe8 $19 {0-1 Sznapik,A-Krasenkow,M/Slupsk 1992/ (33)})
19... Re8 (19... Nf4 20. Qg5 Nd3 21. Ne3 {Acs} (21. Re3 h6 22. Qh5 Nf4 {
1/2-1/2 Pavlovic,M-Ramesh,R/Biel 2001/CBM 83 ext (22)})) 20. f4 exf3 21. Rxe8+
Qxe8 22. Qxf3 f4 23. Re1 Qd7 24. Nb4 a5 25. Nc6 Re8 26. Rxe8+ Qxe8 27. Kf1 b4
28. cxb4 axb4 29. Qe2 {
1-0 Ponomariov,R-Anand,V/Dual of the WCh, Mainz GER 2002 (44)}) 19. Nxb5 (19.
Qg5 Qb7 $5 (19... Ng6 20. Nxb5 a4 21. Bd1 Qc5 22. c4 Qxc4 23. Nxd6 Qxa2 24. Re2
(24. Nxf5 Qxb2 25. Rxe4 a3 $132) 24... Qxd5 25. Nxf5 Ra5 26. g4 (26. Qxg6 $2
hxg6 27. Ne7+ Kh7 28. Nxd5 Rxd5 29. Rxe4 Bxb2 30. Bxa4 Kg7 $11) 26... Kh8 27.
Qe3 {1-0 Bruzon Bautista,L-Handke,F/Oropesa del Mar 1999/CBM 72 ext (53)}) 20.
f3 h6 21. Qg3 a4 {Hier mus wohl ein anderer Zug her} 22. Bc2 b4 23. Nc4 $1 Qxd5
24. fxe4 $1 Qxc4 25. exf5 Nd5 26. f6 Nxf6 27. Rxf6 Rae8 28. Ref1 Re2 29. Bd3
Qc5+ 30. Kh1 Re3 31. R6f3 $16 {Shirov-Kramnik/2003}) 19... a4 20. Bd1 Qc5 21.
Nd4 (21. c4 Qxc4 22. Be2 Qxa2 23. Qg5 Ng6 24. Nxd6 Qxb2 25. Nxf5) (21. Be2 f4 (
21... Nxd5 22. Qxf5 Nxc3 23. Qxc5 Nxe2+ 24. Rxe2 dxc5 25. Rxe4 Bxb2 26. Rg4+
Kh8 27. Rc4 $16) 22. b4 axb3 23. axb3 f5 24. b4 Qb6 25. c4) 21... Qxd5 22. Re3
(22. Qg5 Qe5 $15 {1/2-1/2 Nunn,J-McShane,L/Hastings 1998/CBM 63 (37)}) 22...
Rfb8 23. Rh3 h6 24. b3 a3 25. Bc2 Rc8 26. Rd1 Qe5 27. g4 fxg4 28. Qxg4 d5 29.
Kh1 f5 30. Qh5 {1-0 Vallejo Pons,F-Van Wely,L/Olympiad, Bled SLO 2002 (49)})
16. Rae1 $5 (16. Rad1 Rc8 {Herbrechtsmeier 25.07.00: 'The rook goes to c5.'}
17. Nc2 O-O 18. f3 (18. g3 e4 19. Be2 f4 20. f3 $1 {is another serious attempt
to meet Black's plan. 1-0 Palac,M-Verdier,P/Montpellier 1998 (33)} ({weaker is
} 20. gxf4 f5 $44 {0-1 Kotronias,V-Nijboer,F/Wijk aan Zee 1995 (73)})) ({
similar to the game is} 18. f4 e4 19. Be2 Rc5 20. Ne3 Qa7 {but notice the
difference - black pawn is on h7, while in the game it is on h6. See below
about this subtlety.}) 18... h6 {Herbrechtsmeier 25.07.00: 'Just removing the
pawn from h7, where it was hanging and Black could not advance his f-pawn. Now
he wants f5-f4 and then f7-f5.'} 19. f4 (19. Kh1 f4 20. g3 $1 {
Franzen-Hamarat/corr 1995/INF69} 20... fxg3 21. Rg1 gxh2 22. Qxh2 f5 23. Qxh6
Rf7 24. Ne3 f4 25. Rg5 Kf8 26. Rxg7 Rxg7 27. Rg1 Ng8 28. Rxg7 Qxg7 29. Qxd6+
Qe7 30. Qxa6 Rb8 31. Nf5 Qc5 32. Kg2 $14 {
0-1 Franzen,J-Hamarat,T/W-ch14 corr9499 (57)}) 19... e4 20. Be2 Rc5 21. Ne3 Qa7
22. Kh1 Rxc3 {All this is well-known (with the black pawn on h7, which at the
first sight doesn't seem to make such a big difference anyway). The line was
considered to be fine for Black.} 23. Nxf5 {The new idea. White does not take
the exchange and goes for the position with opposite colours bishops, trying
to organise an attack against black king. In that case the pawn on h6 helps
White a lot and here is the big difference about all this (it turns out that
pawn on h7 is better placed than on h6), see White's 27 move.} (23. bxc3 Qxe3
24. c4 b4 {Black has good compensation for the pawn, which was proved in the
game Hansen,S-Schandorff,L/Copenhagen 1996 (I repeat, Black's pawn was on h7
instead of h6).}) 23... Nxf5 24. Qxf5 Re3 25. Qh5 Bxb2 {In such positions
(opposite coloured bishops) the initiative is often more important than
material.} (25... Qe7 26. Rd2 (26. f5 $2 Qg5 $15) 26... Rc8 27. g4 $1 $36 {
1-0 Lutz,C-Nijboer,F/Essen 2001/CBM 83/[Rogozenko] (41) Quite an unpleasant
position to play with Black. There is no counterplay, while White has much
easier ways to develop the initiative.}) 26. f5 (26. Qxh6 $4 Rxe2) (26. Bg4 $5)
26... Kg7 (26... Qe7 $2 27. Qxh6 $1 Rxe2 28. f6 Bxf6 29. Rxf6 $18) 27. Qg4+ (
27. f6+ $5) (27. Rf4 $5) 27... Kh7 28. f6 Rg8 29. Qf5+ Kh8 {looks dangerous
for Black, but not easy for White to attack. For instance the following
variation leads only to draw:} 30. Rf4 Rxe2 31. Qh5 Rgxg2 32. Qxh6+ Kg8 33. Rh4
Rxh2+ 34. Rxh2 Rxh2+ 35. Qxh2 Bxf6 36. Rg1+ Bg7 37. Qxd6 Qf2 $11) 16... Rc8 (
16... O-O $2 17. Bb1 e4 (17... h6 18. f4 exf4 19. Rd1 $1 Rfe8 20. Nc2 Ng6 21.
Nb4 $16 {Sepp-Cheutshenko/Eesti (ch)/1997/INF69}) 18. Nc2 Nxd5 19. Ne3 $1 {
Almasi, I} 19... Ne7 20. g4 d5 (20... fxg4 {Rogozenko} 21. Bxe4 f5 22. Bxa8
Rxa8 23. Nxg4 $1 fxg4 24. Rxe7 Qxe7 25. Qd5+ $18) 21. gxf5 Kh8 22. f3 Rg8 23.
Kh1 $16) (16... Rb8 $5) 17. Bb1 Rc5 (17... e4 18. Nc2 Nxd5 19. f3 Nf4 $5) (
17... f4 $5) 18. Nc2 e4 $5 (18... Qb7 19. Qg5 $5 {Almasi, I} (19. Ne3 f4 20.
Qg5 $5 (20. Nf5 Nxf5 21. Qxf5 Qxd5 22. Qxf4 {
Almasi,I-Gladycev,O/Zalakaros 1995/INF65}) 20... fxe3 21. Qxg7 Rg8 22. Qxh7
Qxd5 23. g3 Qd2 24. fxe3 Rf8 25. Qc2 $1 $18) 19... Rg8 (19... O-O 20. Ne3 f4
21. Nf5 Ng6 22. Be4 $16) 20. Ne3 Bf8 21. Nxf5 Qxd5 22. Nxe7 Rxg5 23. Nxd5 Rxd5
24. Re2 $16) 19. f3 $146 (19. Ne3 f4 20. Qg5 $5 {Almasi,I} 20... fxe3 (20...
Bxc3) 21. Qxg7 Rg8 22. Qxh7 Rxg2+ 23. Kh1 Qg4) 19... O-O 20. fxe4 fxe4 21. Ne3
f5 $8 22. g4 $1 Nxd5 23. Nxd5 Rxd5 24. Bxe4 Qa7+ (24... Rd2 25. Qg5 $1) 25. Kh1
Re5 26. Bxf5 Qb7+ (26... Qa8+ $2 27. Kg1 Qa7+ 28. Kg2 Qa8+ 29. Kh3 h6 30. Rxe5
dxe5 31. Qg6 Rf6 32. Be6+ $18) 27. Kg1 Qb6+ (27... h6 28. Be6+ $1) 28. Kg2 Qc6+
29. Kg3 h6 30. Qg6 Rf6 31. Qh7+ Kf8 32. Bg6 Qd5 33. Rxf6+ Bxf6 34. Qxh6+ Ke7
35. Qh7+ Kd8 36. Bf5 Ke8 37. Be4 {nebst h4} 37... Qd2 38. Rf1 Qe3+ 39. Bf3 Kd8
40. Qb7 Re6 41. Kg2 Be5 (41... Bh4 42. Bc6 Qe2+ 43. Kg1 $18) 42. h4 $5 Rf6 43.
Qe4 $1 $18 Qxe4 44. Bxe4 Rxf1 45. Kxf1 Bg3 46. h5 Bf4 47. Ke2 (47. Ke2 Ke7 (
47... a5 48. Bc6 b4 49. cxb4 axb4 50. a4) 48. b4 Kf6 49. Bb7 Kg5 50. Bc8 Be5
51. Kd3 d5 52. Bxa6) 1-0